| 000 | 00627nam a2200205Ia 4500 | ||
|---|---|---|---|
| 001 | 5519 | ||
| 003 | GE_BSU | ||
| 008 | 181216s||||||||xx |||||||||||||| ||und|| | ||
| 040 | _cGE_BSU | ||
| 080 | _a514(072) | ||
| 100 | _aКарасев П.А. | ||
| 245 | _aЭлементы наглядной геометрии в школе: Пособие для учителей. | ||
| 245 | _cРед В.С. Кагустина | ||
| 260 | _aМосква | ||
| 260 | _bУчпедгиз, | ||
| 260 | _c1955. | ||
| 300 | _a202 с. 21 см. | ||
| 653 | _aЭлементы наглядной геометрии в школе | ||
| 942 | _cBK | ||
| 999 |
_c39014 _d39014 |
||